| 000 | 00942nam a22003015i 4500 | ||
|---|---|---|---|
| 001 | 16203 | ||
| 003 | ES-MaACL | ||
| 005 | 20250822035244.0 | ||
| 007 | t| | ||
| 008 | 000707s1992 sp ||||0| spa j | ||
| 020 | _a84-323-0758-0 | ||
| 040 |
_aM-BN _bspa _cM-BN |
||
| 080 | _a159.964.2 | ||
| 080 | _a159.922.26/.27 | ||
| 100 | 1 |
_aPérez Alvarez, Marino. _990636 |
|
| 245 | 1 | 0 |
_aCiudad, individuo y psicología _b: Freud, detective privado / _cpor Marino Pérez Alvarez. |
| 250 | _a[1ª ed.]. | ||
| 260 |
_aMadrid : _bSiglo XXI de España, _c1992. |
||
| 300 |
_a307 p. ; _c21 cm. |
||
| 490 | 1 | _aPsicología, etología y psicoanálisis | |
| 500 | _aIndices. | ||
| 504 | _aBibliografía: p. [283]-296. | ||
| 650 | 1 | 4 |
_aPsicoanálisis. _916530 |
| 650 | 1 | 7 |
_aPsicología social _2embne _916573 |
| 830 | 0 |
_aPsicología, etología y psicoanálisis _9228631 |
|
| 852 |
_aES-MaACL _jL-23403 _bR.128389 |
||
| 999 |
_c16203 _d16203 |
||